书目信息 |
| 题名: |
芳丹玛拉
|
|
| 作者: | Silone , 西龙尼 著 ;马祖毅 译 | |
| 分册: | ||
| 出版信息: | 长沙 湖南人民出版社 1981 |
|
| 页数: | 178页 | |
| 开本: | 19cm | |
| 丛书名: | ||
| 单 册: | ||
| 中图分类: | I546.4 | |
| 科图分类: | ||
| 主题词: | 长篇小说--意大利--现代 , 文学 | |
| 电子资源: | ||
| ISBN: | ||
| 000 | 00784nam0 2200289 45 | |
| 001 | 0181003504 | |
| 005 | 20060914094852.01 | |
| 010 | @dCNY0.47 | |
| 091 | @a10109.1328 | |
| 100 | @a19950603d1981 em y0chiy0121 ea | |
| 101 | 1 | @achi@cita |
| 102 | @aCN@b430000 | |
| 105 | @ay z 000ay | |
| 200 | 10 | @a芳丹玛拉@Afang dan ma la@f(意)西龙尼(I.Silone)著@g马祖毅译 |
| 210 | @a长沙@c湖南人民出版社@d1981 | |
| 215 | @a178页@d19cm | |
| 300 | @a书名原文:Fontamara | |
| 510 | 1 | @aFontamara@zita |
| 606 | @a长篇小说@y意大利@z现代 | |
| 606 | 0 | @a文学 |
| 690 | @aI546.4 | |
| 701 | A1 | @aSilone@bI.@4著 |
| 701 | 1 | @a西龙尼@Axi long ni@bI.@4著 |
| 702 | 0 | @a马祖毅@Ama zu yi@4译 |
| 801 | 2 | @aCN@bNLC@c20060914 |
| 801 | 0 | @aCN@b上海图书馆@c20060913 |
| 905 | @f1@b37723@dI546.4@e225 | |
| 芳丹玛拉/(意)西龙尼(I.Silone)著/马祖毅译.-长沙:湖南人民出版社,1981 |
| 178页;19cm |
| 书名原文:Fontamara |
| ISBN :CNY0.47 |
| ● |
| 相关链接 |
|
|
|
|
正题名:芳丹玛拉
索取号:I546.4/225
 
预约/预借
| 序号 | 登录号 | 条形码 | 馆藏地/架位号 | 状态 | 备注 |
| 1 | 0037722 | 000673783 | 第二借阅区/ [索取号:I546.4/225] | 在馆 | |
| 2 | 0037723 | 001916975 | 密集书库/ [索取号:I546.4/225] | 在馆 | |
| 3 | 0037724 | 000673792 | 第二借阅区/ [索取号:I546.4/225] | 在馆 | |
| 4 | 0037725 | 000673809 | 第二借阅区/ [索取号:I546.4/225] | 在馆 | |
| 5 | 0037726 | 000673774 | 第一样本阅览室/ [索取号:I546.4/225] | 在馆 | |
| 6 | 0427797 | 204277978 | 密集书库/ [索取号:I546.4/225] | 在馆 | |
| 7 | 0471581 | 204715816 | 密集书库/ [索取号:I546.4/225] | 在馆 | |
| 8 | 0473649 | 204736492 | 密集书库/ [索取号:I546.4/225] | 在馆 | |
| 9 | 0474599 | 204745990 | 密集书库/ [索取号:I546.4/225] | 在馆 | |
| 10 | 0475154 | 204751544 | 密集书库/ [索取号:I546.4/225] | 在馆 |